000 00637nam a2200157Ia 4500
008 090124s9999 xx 000 0 und d
082 _b31588
245 _a सर्व काही नावातच आहे (एकांकिका)
250 _a1
260 _b"नेहरू सेंटर, मुंबई"
_c1993
300 _a130
630 _a सर्व काही नावातच आहे (एकांकिका)
700 _aनाट्यदर्पण प्रतिष्ठान
730 _a सर्व काही नावातच आहे (एकांकिका)
942 _cBOOK
999 _c97619
_d97619